| 000 | 01165nac a22003251i 4500 | ||
|---|---|---|---|
| 003 | EG-ScBUE | ||
| 005 | 20230222040240.0 | ||
| 008 | 230222s1982 nyua f b 000 0 eng d | ||
| 020 | _a0874270367 | ||
| 020 | _a0064301168 | ||
| 040 |
_aEG-ScBUE _beng _erda _cEG-ScBUE _dEG-ScBUE |
||
| 082 | 0 | 4 |
_a769.97307 _bGOL _222 |
| 100 | 1 |
_aGoldman, Judith, _eauthor. |
|
| 245 | 1 | 0 |
_aAmerican prints : _bprocess & proofs / _cJudith Goldman. |
| 246 | 3 |
_aAmerican prints : _bprocess and proofs |
|
| 250 | _aFirst edition. | ||
| 264 | 1 |
_a[New York, N.Y.] : _bWhitney Museum of American Art : Harper & Row, _c1982. |
|
| 300 |
_a176 pages : _billustrations (some color) ; _c25 cm. |
||
| 336 |
_2rdacontent _atext _btxt |
||
| 337 |
_2rdamedia _aunmediated _bn |
||
| 338 |
_2rdacarrier _avolume _bnc |
||
| 490 | 0 | _aIcon editions | |
| 500 | _aCatalog of an exhibition held at the Whitney Museum of American Art, New York, Nov. 25, 1981-Jan. 24, 1982. | ||
| 504 | _aIncludes bibliographical references. | ||
| 650 | 7 |
_aPrints, American _xExhibitions. _2BUEsh |
|
| 653 | _bART | ||
| 655 | _vReading book | ||
| 942 |
_cBB _2ddc |
||
| 999 |
_c3009 _d3009 |
||